عرض عادي
عرض مارك
- British Food Manufacturing Industries Research Association.
مدخل إسم هيئة
001 - رقم الضبط
- حقل الضبط: 10424
003 - معرف رقم الضبط
- حقل الضبط: OSt
005 - تاريخ ووقت أخر عملية
- حقل الضبط: 20120410041256.0
008 - عناصر بيانات ثابتة الطول
- حقل تحكم ثابت الطول: 120410|||a|||||| | ||| d
040 ## - مصدر الفهرسة
- هيئة الفهرسة الأصلية: OSt
- وكالة الكتابة: OSt
110 ## - مدخل -- أسم شخص
- اسم الهيئه او اسم السلطه كعنصر مدخل: British Food Manufacturing Industries Research Association.
670 ## - بيانات المصدر موجوده
- الاستشهاد بالمصدر: Work cat.: (OSt)0: Micro-facts., 2010.
